000
00236 a2200109 4500
003
Nust
005
20170207154233.0
040
_c
Nust
082
_a
371.33
245
_a
Arctic In Nature (VHS-291)
440
_a
Arctic In Nature (VHS-291)
538
_a
Duration Mins 90
999
_c
195998
_d
195998